| 000 | 01529cam a2200349 a 4500 | ||
|---|---|---|---|
| 001 | EDZ0000062245 | ||
| 003 | StDuBDS | ||
| 005 | 20161031105153.0 | ||
| 006 | m||||||||d|||||||| | ||
| 007 | cr ||||||||||| | ||
| 008 | 120312s1995 cau fo| 001|0|eng|d | ||
| 020 |
_a9781452243511 (ebook) : _cNo price |
||
| 040 |
_aStDuBDS _beng _cStDuBDS _epn |
||
| 049 | _aAlfaisal Main Library | ||
| 050 | 0 |
_aBF698 _b.M349 1995 |
|
| 082 | 0 | 4 |
_a155.2 _223 |
| 100 | 1 | _aMcMartin, Jim. | |
| 245 | 1 | 0 |
_aPersonality psychology _h[electronic resource] : _ba student-centered approach / _cJim McMartin. |
| 260 |
_aThousand Oaks, Calif. ; _aLondon : _bSAGE, _cc1995. |
||
| 300 | _a1 online resource (xix, 267 p.) | ||
| 520 | 8 | _aThis textbook examines major theories of personality as they apply to an understanding of our past, present and future selves. Unlike traditional personality textbooks that merely present a succession of different theories, this student-centred volume examines how theories of personality have a bearing on questions that are relevant across the lifespan. | |
| 521 | _aSpecialized. | ||
| 588 | _aDescription based on print version record. | ||
| 504 | _aIncludes bibliographical references and index. | ||
| 650 | 0 | _aPersonality. | |
| 650 | 0 | _aPersonality development. | |
| 655 | 7 |
_aElectronic books. _2local |
|
| 710 | 2 | _aSage eBooks | |
| 776 | 0 | 8 |
_iPrint version : _z9780803953444 |
| 856 | 4 | 0 | _uhttp://ezproxy.alfaisal.edu/login?url=http://sk.sagepub.com/books/personality-psychology |
| 942 |
_2lcc _cEBOOKS |
||
| 999 |
_c480860 _d480860 |
||